000 00348nam a2200157Ia 4500
100 _aDr.Windy Dryden
650 _aPhilosophy
942 _cBK
654 _aaccept yourself
245 _aHow to accept yourself
260 _bBetter Yourself Books
_aBandra
_c1999
082 _a170/WIN
_bWIN
300 _a191
546 _aENGLISH
999 _c26870
_d26870